Sports Quiz

Random Sports or Basketball Quiz

2012 Dream Team Quiz Stats

 Plays Quiz not verified by Sporcle

Also try: MLB Logos
Challenge
Share
Tweet
Embed
Score 0/13 Timer 02:00
0 Plays Today
Nba Team Player % Correct
ThunderKevin Durant
93.2%
HeatLeBron James
91.9%
LakersKobe Bryant
90.5%
TimberwolvesKevin Love
85.1%
ClippersChris Paul
83.8%
ThunderRussel Westbrook
82.4%
ClippersBlake Griffin
81.1%
KnicksCarmelo Anthony
81.1%
ThunderJames Harden
79.7%
NetsDeron Williams
78.4%
HornetsAnthony Davis
77%
KnicksTyson Chandler
70.3%
76ersAndre Igoudala
35.1%

You're not logged in!

Compare scores with friends on all Sporcle quizzes.
Join for Free
OR
Log In

You Might Also Like...

Show Comments

Extras

Top Quizzes Today


Score Distribution

Your Account Isn't Verified!

In order to create a playlist on Sporcle, you need to verify the email address you used during registration. Go to your Sporcle Settings to finish the process.

Report this User

Report this user for behavior that violates our Community Guidelines.

Details: